000 00312nam a22001337a 4500
008 170616b xxu||||| |||| 00| 0 eng d
020 _a67025291
041 _aeng
080 _a32
100 _a20
101 _a94
245 _aCHILDREN ARE THE REVOLUTION DAY CARE IN CUBA
_cLEINER.M
942 _2udc
_cBK
999 _c17788
_d17788